000 00671nam a2200229Ia 4500
003 OSt
005 20220928112604.0
006 a|||||r|||| 00| 0
007 ta
008 220927b |||||||| |||| 00| 0 eng d
024 _a29113
037 _cReference Collections
040 _aSDCL
_cSDCL
_beng
041 _2eng
_aeng
082 _aP111:4k, 35M4 RR
100 _aBrown Charles Philip
_9428970
245 0 _aDictionary English-Telugu.
260 _aNew Delhi
_bAsian Educational Services
_c1984
300 _alxvii,1367p
_ccm.
942 _hP111:4k, 35M4 RR
_cREF
_2CC
999 _c745446
_d745446